[Event "1st Heraklion Tal 2019"]
[Site "Heraklion"]
[Date "2019.05.02"]
[Round "4.5"]
[White "Milonakis, Georgios"]
[Black "Dudin, Gleb"]
[Result "0-1"]
[WhiteElo "2285"]
[BlackElo "2332"]
[Annotator "NA"]
[PlyCount "70"]
[EventDate "2019.04.29"]
[EventType "tourn"]
[EventCountry "GRE"]
[SourceTitle "playchess.com"]
[Source "ChessBase"]
[SourceQuality "1"]
[TimeControl "40/5400+30:1800+30"]

1. Nf3 {[%emt 0:00:00]} g6 {[%emt 0:00:00]} 2. g3 {[%emt 0:00:13]} Bg7 {[%emt 0:00:00]} 3. Bg2 {[%emt 0:00:11]} e5 {[%emt 0:01:23]} 4. O-O {[%emt 0:02:12]} Ne7 {[%emt 0:02:44]} 5. c4 {[%emt 0:02:36]} c6 {[%emt 0:02:05]} 6. Nc3 {[%emt 0:01:19]} d5 {[%emt 0:01:56]} 7. cxd5 {[%emt 0:06:21]} cxd5 {[%emt 0:02:05]} 8. d3 {[%emt 0:03:02]} h6 {[%emt 0:04:31]} 9. Bd2 {[%emt 0:09:39]} O-O {[%emt 0:04:16]} 10. b4 {[%emt 0:06:44]} Be6 {[%emt 0:03:57]} 11. Rc1 {[%emt 0:02:59]} b6 {[%emt 0:10:43]} 12. Rc2 {[%emt 0:05:58]} Nbc6 {[%emt 0:03:40]} 13. b5 {[%emt 0:06:27]} Nb4 {[%emt 0:09:05]} 14. Rb2 {[%emt 0:03:10]} d4 {[%emt 0:00:09]} 15. Nb1 {[%emt 0:21:56]} Nbd5 {[%emt 0:08:49]} 16. Rc2 {[%emt 0:00:00]} Qd7 {[%emt 0:08:56]} 17. Na3 {[%emt 0:00:00]} Nc3 {[%emt 0:03:28]} 18. Bxc3 {[%emt 0:00:25]} dxc3 {[%emt 0:00:11]} 19. e4 {[%emt 0:10:09]} Rfc8 {[%emt 0:10:24]} 20. Qc1 {[%emt 0:03:34]} a6 {[%emt 0:14:10]} 21. Rxc3 {[%emt 0:04:29]} axb5 {[%emt 0:00:57]} 22. Rxc8+ {[%emt 0:00:10]} Rxc8 {[%emt 0:00:13]} 23. Qb1 {[%emt 0:00:40]} Rc5 {[%emt 0:06:20]} 24. Rd1 {[%emt 0:01:36]} Nc8 {[%emt 0:01:16]} 25. Qb2 {[%emt 0:02:46]} Nd6 {[%emt 0:00:32]} 26. Ne1 {[%emt 0:01:46]} Qa7 {[%emt 0:00:38]} 27. Nec2 {[%emt 0:00:49]} Qa4 {[%emt 0:00:09]} 28. Ra1 {[%emt 0:01:22]} h5 {[%emt 0:00:25]} 29. Nb4 {[%emt 0:00:28]} Bh6 {[%emt 0:00:25]} 30. Nac2 {[%emt 0:00:34]} Bd2 {[%emt 0:00:17]} 31. Rf1 {[%emt 0:02:41]} Bxa2 {[%emt 0:01:07]} 32. d4 {[%emt 0:01:10]} exd4 {[%emt 0:00:37]} 33. Qxd4 {[%emt 0:00:03]} Nc4 {[%emt 0:00:27]} 34. Qd8+ {[%emt 0:00:38]} Kh7 {[%emt 0:00:31]} 35. Qf8 {[%emt 0:01:23]} Ne5 {[%emt 0:00:36]} 0-1

[Event "1st Heraklion Tal 2019"]
[Site "Heraklion"]
[Date "2019.05.03"]
[Round "5.1"]
[White "Dudin, Gleb"]
[Black "Dimitrov, Atanas"]
[Result "1-0"]
[WhiteElo "2332"]
[BlackElo "2282"]
[Annotator "ChessBase"]
[PlyCount "97"]
[EventDate "2019.04.29"]
[EventType "tourn"]
[EventCountry "GRE"]
[SourceTitle "playchess.com"]
[Source "ChessBase"]
[SourceQuality "1"]
[TimeControl "40/5400+30:1800+30"]

1. d4 {[%emt 0:00:00]} Nf6 {[%emt 0:00:00]} 2. c4 {[%emt 0:00:00]} c5 {[%emt 0:00:14]} 3. d5 {[%emt 0:00:00]} e5 {[%emt 0:00:20]} 4. Nc3 {[%emt 0:03:42]} d6 {[%emt 0:00:08]} 5. e4 {[%emt 0:03:11]} Be7 {[%emt 0:00:08]} 6. Bd3 {[%emt 0:12:06]} O-O {[%emt 0:00:21]} 7. h3 {[%emt 0:00:25]} Nbd7 {[%emt 0:00:09]} 8. Be3 {[%emt 0:00:43]} a6 {[%emt 0:00:18]} 9. Nge2 {[%emt 0:02:37]} Ne8 {[%emt 0:02:48]} 10. Qd2 {[%emt 0:00:34]} g6 {[%emt 0:00:26]} 11. g4 {[%emt 0:01:12]} Ng7 {[%emt 0:00:16]} 12. Ng3 {[%emt 0:00:04]} Nf6 {[%emt 0:01:37]} 13. Bh6 {[%emt 0:18:06]} Kh8 {[%emt 0:00:08]} 14. O-O-O {[%emt 0:00:07]} Ng8 {[%emt 0:00:10]} 15. Be3 {[%emt 0:00:05]} f5 {[%emt 0:18:02]} 16. exf5 {[%emt 0:07:26]} gxf5 {[%emt 0:01:56]} 17. f4 {[%emt 0:01:47]} e4 {[%emt 0:09:46]} 18. Be2 {[%emt 0:10:39]} b5 {[%emt 0:04:09]} 19. g5 {[%emt 0:03:36]} Bd7 {[%emt 0:12:44]} 20. Rdg1 {[%emt 0:08:25]} Rf7 {[%emt 0:12:01]} 21. Nd1 {[%emt 0:04:37]} Bf8 {[%emt 0:03:04]} 22. Bh5 {[%emt 0:03:08]} Re7 {[%emt 0:00:33]} 23. Qc3 {[%emt 0:01:05]} b4 {[%emt 0:01:22]} 24. Qc2 {[%emt 0:01:17]} a5 {[%emt 0:08:34]} 25. Kb1 {[%emt 0:02:37]} a4 {[%emt 0:00:36]} 26. Qf2 {[%emt 0:00:30]} Qc8 {[%emt 0:07:43]} 27. Be2 {[%emt 0:02:08]} Be8 {[%emt 0:00:08]} 28. Bc1 {[%emt 0:01:02]} Raa7 {[%emt 0:05:28]} 29. Ne3 {[%emt 0:00:24]} Rf7 {[%emt 0:01:43]} 30. h4 {[%emt 0:01:50]} Rfe7 {[%emt 0:00:28]} 31. Bd1 {[%emt 0:02:45]} h5 {[%emt 0:00:36]} 32. gxh6 {[%emt 0:08:28]} Nxh6 {[%emt 0:00:08]} 33. Be2 {[%emt 0:00:44]} Bf7 {[%emt 0:02:07]} 34. Qe1 {[%emt 0:00:39]} Qe8 {[%emt 0:00:39]} 35. Qd1 {[%emt 0:00:09]} Bg6 {[%emt 0:00:38]} 36. Rg2 {[%emt 0:00:23]} Bh7 {[%emt 0:02:52]} 37. Rhg1 {[%emt 0:00:34]} Qf7 {[%emt 0:00:45]} 38. Nh1 {[%emt 0:00:57]} Qf6 {[%emt 0:02:08]} 39. Rg5 {[%emt 0:00:54]} Nf7 {[%emt 0:01:17]} 40. Ng3 {[%emt 0:00:00]} Nh6 {[%emt 0:00:00]} 41. Qf1 {[%emt 0:06:15]} Qf7 {[%emt 0:07:51]} 42. Qh3 {[%emt 0:04:39]} Qf6 {[%emt 0:00:46]} 43. Rg2 {[%emt 0:04:55]} a3 {[%emt 0:00:42]} 44. Bd1 {[%emt 0:02:07]} Reb7 {[%emt 0:00:38]} 45. Bb3 {[%emt 0:02:40]} Rf7 {[%emt 0:09:08]} 46. h5 {[%emt 0:03:10]} Qd4 {[%emt 0:04:28]} 47. Ne2 {[%emt 0:02:08]} Qf6 {[%emt 0:01:55]} 48. Rg6 {[%emt 0:00:19]} Bxg6 {[%emt 0:00:11]} 49. hxg6 {[%emt 0:00:38]} 1-0

[Event "1st Heraklion Tal 2019"]
[Site "Heraklion"]
[Date "2019.05.03"]
[Round "5.2"]
[White "Kozhuharov, Spas"]
[Black "Milonakis, Georgios"]
[Result "1-0"]
[WhiteElo "2434"]
[BlackElo "2285"]
[Annotator "TA"]
[PlyCount "115"]
[EventDate "2019.04.29"]
[EventType "tourn"]
[EventCountry "GRE"]
[SourceTitle "playchess.com"]
[Source "ChessBase"]
[SourceQuality "1"]

{[%evp 22,115,37,44,48,21,18,0,3,-20,0,0,0,0,0,0,0,-27,-9,0,0,0,0,0,0,0,0,0,0,-97,-93,-103,0,0,0,0,0,0,0,0,39,35,37,42,121,0,0,0,20,0,86,90,89,120,183,145,153,56,59,51,80,14,16,16,15,15,30,37,197,194,207,216,335,332,390,386,393,369,518,252,1160,1112,2080,2024,2957,2249,29979,12168,29980,29981,29981,29982,29972,29972,29991,29992]} 1. d4 Nf6 2. Nf3 e6 3. c4 d5 4. Nc3 Be7 5. Bf4 O-O 6. e3 c5 7. dxc5 Bxc5 8. cxd5 Nxd5 9. Nxd5 exd5 10. a3 Nc6 11. Bd3 Be7 12. O-O Bf6 {D37: Queen's Gambit Declined: 5 Bf4} 13. Qb3 Qe7 14. Rfd1 Rd8 {The position is equal.} 15. Rac1 Be6 16. Qb5 Rac8 17. h3 g6 $146 ({Predecessor:} 17... g5 18. Bg3 h5 19. Rc2 g4 20. hxg4 hxg4 {½-½ (49) Moranda,W (2492)-Borgula,R (2297) Wysowa 2007}) 18. Bb1 h5 19. Ba2 g5 20. Bg3 g4 21. hxg4 hxg4 22. Ne1 d4 23. Bxe6 Qxe6 24. Qxb7 dxe3 25. Rxd8+ (25. fxe3 $11 {keeps the balance.} Rxd1 26. Rxd1) 25... Bxd8 $17 26. Nd3 Ne7 (26... Bb6 $1 $17 27. b4 Rd8 28. Qxc6 (28. Rxc6 $2 exf2+ 29. Bxf2 Bxf2+ 30. Nxf2 Qe1+ 31. Kh2 Qxf2 $19) 28... Qxc6 29. Rxc6 Rxd3 30. fxe3 Rxe3) 27. Rxc8 $11 Nxc8 28. Nf4 exf2+ 29. Bxf2 Qf5 30. Qd5 $36 {[%mdl 2048] White has the initiative.} Qb1+ 31. Kh2 Qh7+ 32. Nh5 {[%cal Rd5d8]} Nd6 ({Black should try} 32... Be7 $14) 33. g3 ({Much worse is} 33. Qxd6 $6 Qxh5+ 34. Kg1 Qg5 $11) (33. Bh4 $1 $16 g3+ 34. Kh3 (34. Bxg3 Qf5 $16) (34. Kxg3 $2 Qg6+ 35. Kh3 Bxh4 $19)) 33... Be7 {White must now prevent ...Nf5.} 34. Kg2 {Threatens to win with Qa8+.} Qc2 35. Qe5 {[%csl Gh5][%cal Re5g7]} Qe4+ (35... Nf5 $11) 36. Qxe4 $16 Nxe4 37. Bxa7 {[%mdl 4096] Endgame KBN-KBN} f5 (37... Bd6 $16) 38. Bd4 Kf7 39. b4 (39. a4 $1 $16) 39... Bd6 $14 40. Bb2 Ke7 41. Bc1 (41. Nf4 $16) 41... Kd7 $11 42. Bf4 Bf8 43. Kf1 Nd6 44. Ke2 Nc4 $2 {[#]} (44... Kc6 $1 $14) 45. Bc1 $1 $18 Bd6 {[#]} 46. Kd3 $1 {[%cal Rd3c4]} Ne5+ (46... Nb6 $142 47. Nf4 Kc8) 47. Kc3 Ng6 48. a4 {[%cal Ba3a4,Ba4a5,Ba5a6,Ba6a7][%mdl 32]} Kc6 49. Be3 Kd5 (49... Be5+ $142 50. Kc4 Bc7 51. b5+ Kb7) 50. b5 Ke4 $2 (50... Bc7 51. Kb4 Bd6+ 52. Kc3 Bc7) 51. Bd4 Kd5 52. a5 f4 53. gxf4 Bxf4 54. Nf6+ Kd6 55. a6 {White mates.} Kc7 56. Nd5+ Kc8 57. Nb6+ Kc7 58. a7 {Accuracy: White = 62%, Black = 37%.} 1-0

[Event "1st Heraklion Tal 2019"]
[Site "Heraklion"]
[Date "2019.05.03"]
[Round "5.3"]
[White "Navaratnam, Rohan Shan Tze"]
[Black "Marinakis, Hristos"]
[Result "1/2-1/2"]
[WhiteElo "2068"]
[BlackElo "2085"]
[Annotator "NA"]
[PlyCount "71"]
[EventDate "2019.04.29"]
[EventType "tourn"]
[EventCountry "GRE"]
[SourceTitle "playchess.com"]
[Source "ChessBase"]
[SourceQuality "1"]
[TimeControl "40/5400+30:1800+30"]

1. d4 {[%emt 0:00:00]} Nf6 {[%emt 0:00:00]} 2. Nf3 {[%emt 0:00:00]} e6 {[%emt 0:00:00]} 3. c4 {[%emt 0:00:09]} c5 {[%emt 0:00:00]} 4. e3 {[%emt 0:00:27]} Be7 {[%emt 0:01:49]} 5. Nc3 {[%emt 0:00:48]} O-O {[%emt 0:00:20]} 6. Be2 {[%emt 0:01:36]} b6 {[%emt 0:02:18]} 7. O-O {[%emt 0:00:36]} Bb7 {[%emt 0:03:08]} 8. d5 {[%emt 0:01:22]} exd5 {[%emt 0:00:21]} 9. cxd5 {[%emt 0:00:13]} d6 {[%emt 0:00:04]} 10. e4 {[%emt 0:01:18]} a6 {[%emt 0:01:41]} 11. a4 {[%emt 0:01:58]} Re8 {[%emt 0:01:45]} 12. Nd2 {[%emt 0:10:27]} Bf8 {[%emt 0:00:27]} 13. f3 {[%emt 0:00:14]} Nbd7 {[%emt 0:04:59]} 14. Nc4 {[%emt 0:03:40]} g6 {[%emt 0:02:38]} 15. Rb1 {[%emt 0:07:09]} Ne5 {[%emt 0:10:50]} 16. Ne3 {[%emt 0:01:27]} Bg7 {[%emt 0:02:09]} 17. b3 {[%emt 0:03:46]} Ned7 {[%emt 0:06:37]} 18. Nc4 {[%emt 0:02:07]} Nh5 {[%emt 0:01:18]} 19. Qc2 {[%emt 0:08:05]} Qh4 {[%emt 0:12:24]} 20. Be3 {[%emt 0:02:24]} Qe7 {[%emt 0:02:21]} 21. b4 {[%emt 0:10:28]} cxb4 {[%emt 0:03:17]} 22. Rxb4 {[%emt 0:00:07]} Rac8 {[%emt 0:00:11]} 23. Qd2 {[%emt 0:01:53]} Ne5 {[%emt 0:08:24]} 24. Nxe5 {[%emt 0:03:52]} Qxe5 {[%emt 0:00:40]} 25. Bd4 {[%emt 0:05:51]} Qf4 {[%emt 0:00:40]} 26. Qd3 {[%emt 0:02:17]} Bxd4+ {[%emt 0:10:03]} 27. Qxd4 {[%emt 0:00:22]} Qf6 {[%emt 0:00:25]} 28. Qxf6 {[%emt 0:01:17]} Nxf6 {[%emt 0:00:05]} 29. Rxb6 {[%emt 0:00:40]} Rxc3 {[%emt 0:00:57]} 30. Rxb7 {[%emt 0:00:17]} Nxd5 {[%emt 0:01:59]} 31. Bxa6 {[%emt 0:03:08]} Nc7 {[%emt 0:02:44]} 32. Be2 {[%emt 0:04:42]} d5 {[%emt 0:04:40]} 33. Bb5 {[%emt 0:05:01]} Nxb5 {[%emt 0:01:45]} 34. axb5 {[%emt 0:00:06]} Rc2 {[%emt 0:01:31]} 35. h3 {[%emt 0:03:57]} Ra8 {[%emt 0:04:19]} 36. exd5 {[%emt 0:04:52]} 1/2-1/2

[Event "1st Heraklion Tal 2019"]
[Site "Heraklion"]
[Date "2019.05.03"]
[Round "5.4"]
[White "Stoyanov, Tsvetan"]
[Black "Megalios, Konstantinos"]
[Result "0-1"]
[WhiteElo "2416"]
[BlackElo "2411"]
[Annotator "ChessBase"]
[PlyCount "124"]
[EventDate "2019.04.29"]
[EventType "tourn"]
[EventCountry "GRE"]
[SourceTitle "playchess.com"]
[Source "ChessBase"]
[SourceQuality "1"]
[TimeControl "40/5400+30:1800+30"]

1. e4 {[%emt 0:00:00]} e5 {[%emt 0:00:00]} 2. Nf3 {[%emt 0:00:00]} Nc6 {[%emt 0:00:00]} 3. Bc4 {[%emt 0:00:00]} Nf6 {[%emt 0:00:00]} 4. d3 {[%emt 0:00:06]} h6 {[%emt 0:00:03]} 5. c3 {[%emt 0:02:07]} d6 {[%emt 0:00:11]} 6. a4 {[%emt 0:01:06]} g6 {[%emt 0:01:48]} 7. a5 {[%emt 0:10:29]} a6 {[%emt 0:01:39]} 8. Nbd2 {[%emt 0:01:30]} Bg7 {[%emt 0:00:15]} 9. O-O {[%emt 0:00:07]} O-O {[%emt 0:00:16]} 10. Re1 {[%emt 0:00:25]} Nh5 {[%emt 0:04:27]} 11. Nf1 {[%emt 0:04:14]} Qf6 {[%emt 0:05:25]} 12. h4 {[%emt 0:23:01]} Bg4 {[%emt 0:09:23]} 13. N1h2 {[%emt 0:01:59]} Bd7 {[%emt 0:01:26]} 14. g3 {[%emt 0:04:56]} Rae8 {[%emt 0:07:37]} 15. Nf1 {[%emt 0:01:55]} Qd8 {[%emt 0:03:02]} 16. N3h2 {[%emt 0:03:11]} Kh7 {[%emt 0:10:56]} 17. Ne3 {[%emt 0:02:14]} Bc8 {[%emt 0:05:04]} 18. Bd2 {[%emt 0:11:01]} Qd7 {[%emt 0:09:24]} 19. Qf3 {[%emt 0:11:42]} Ne7 {[%emt 0:04:18]} 20. b4 {[%emt 0:09:57]} f5 {[%emt 0:02:17]} 21. exf5 {[%emt 0:00:33]} Nxf5 {[%emt 0:00:08]} 22. Nxf5 {[%emt 0:01:32]} Rxf5 {[%emt 0:00:40]} 23. Qg2 {[%emt 0:01:14]} c6 {[%emt 0:04:58]} 24. Bb3 {[%emt 0:01:53]} d5 {[%emt 0:01:25]} 25. Bd1 {[%emt 0:00:43]} Rf7 {[%emt 0:02:34]} 26. Bg4 {[%emt 0:02:12]} Qd8 {[%emt 0:02:38]} 27. Re2 {[%emt 0:01:43]} Nf6 {[%emt 0:01:50]} 28. Bxc8 {[%emt 0:00:02]} Qxc8 {[%emt 0:00:07]} 29. Rae1 {[%emt 0:00:38]} e4 {[%emt 0:09:26]} 30. d4 {[%emt 0:01:24]} Ng4 {[%emt 0:03:43]} 31. Qh3 {[%emt 0:00:41]} h5 {[%emt 0:00:22]} 32. Nxg4 {[%emt 0:00:39]} hxg4 {[%emt 0:00:23]} 33. Qh2 {[%emt 0:00:34]} Rf3 {[%emt 0:00:36]} 34. Be3 {[%emt 0:00:55]} Qf5 {[%emt 0:00:28]} 35. Qg2 {[%emt 0:01:11]} Bf8 {[%emt 0:01:32]} 36. Rc1 {[%emt 0:00:43]} Bd6 {[%emt 0:02:30]} 37. Rd1 {[%emt 0:00:33]} Rf8 {[%emt 0:01:35]} 38. Rc1 {[%emt 0:00:27]} Rf7 {[%emt 0:00:08]} 39. Rcc2 {[%emt 0:00:45]} Kg8 {[%emt 0:00:49]} 40. Rc1 {[%emt 0:00:00]} Qe6 {[%emt 0:00:00]} 41. Rcc2 {[%emt 0:03:49]} R7f5 {[%emt 0:02:15]} 42. Rc1 {[%emt 0:01:08]} Qf7 {[%emt 0:01:28]} 43. Rce1 {[%emt 0:02:12]} Qc7 {[%emt 0:01:22]} 44. Qh2 {[%emt 0:00:38]} Kf7 {[%emt 0:03:59]} 45. Rc2 {[%emt 0:03:16]} Ke6 {[%emt 0:02:31]} 46. Rce2 {[%emt 0:00:40]} Rh5 {[%emt 0:02:13]} 47. Rc2 {[%emt 0:01:10]} Qb8 {[%emt 0:04:18]} 48. Rce2 {[%emt 0:03:13]} Rhf5 {[%emt 0:01:08]} 49. Qg2 {[%emt 0:01:26]} Bxg3 {[%emt 0:04:24]} 50. Kh1 {[%emt 0:01:15]} Bxh4 {[%emt 0:02:40]} 51. Qxg4 {[%emt 0:00:01]} Qh8 {[%emt 0:03:10]} 52. Kg2 {[%emt 0:02:37]} Qh5 {[%emt 0:00:44]} 53. Qxh5 {[%emt 0:00:12]} Rxh5 {[%emt 0:01:31]} 54. Rh1 {[%emt 0:01:06]} Kf5 {[%emt 0:00:21]} 55. Ree1 {[%emt 0:00:56]} Bg5 {[%emt 0:01:38]} 56. Rxh5 {[%emt 0:03:17]} gxh5 {[%emt 0:00:02]} 57. Bxg5 {[%emt 0:00:17]} Kxg5 {[%emt 0:00:01]} 58. Rc1 {[%emt 0:00:07]} Rd3 {[%emt 0:00:32]} 59. Rc2 {[%emt 0:00:54]} Kg4 {[%emt 0:00:41]} 60. Kh2 {[%emt 0:01:11]} Rd1 {[%emt 0:01:19]} 61. Kg2 {[%emt 0:03:12]} h4 {[%emt 0:00:08]} 62. c4 {[%emt 0:00:05]} Rxd4 {[%emt 0:01:22]} 0-1

[Event "1st Heraklion Tal 2019"]
[Site "Heraklion"]
[Date "2019.05.03"]
[Round "5.5"]
[White "Antova, Gabriela"]
[Black "De Seroux, Camille"]
[Result "1-0"]
[WhiteElo "2246"]
[BlackElo "2151"]
[Annotator "NA"]
[PlyCount "73"]
[EventDate "2019.04.29"]
[EventType "tourn"]
[EventCountry "GRE"]
[SourceTitle "playchess.com"]
[Source "ChessBase"]
[SourceQuality "1"]
[TimeControl "40/5400+30:1800+30"]

1. d4 {[%emt 0:00:00]} Nf6 {[%emt 0:00:00]} 2. c4 {[%emt 0:00:00]} e6 {[%emt 0:00:00]} 3. Nf3 {[%emt 0:00:00]} Bb4+ {[%emt 0:00:00]} 4. Nbd2 {[%emt 0:00:00]} b6 {[%emt 0:00:06]} 5. a3 {[%emt 0:00:02]} Bxd2+ {[%emt 0:00:06]} 6. Qxd2 {[%emt 0:00:06]} Bb7 {[%emt 0:01:07]} 7. e3 {[%emt 0:00:18]} a5 {[%emt 0:03:10]} 8. b3 {[%emt 0:13:54]} d6 {[%emt 0:01:15]} 9. Be2 {[%emt 0:01:06]} O-O {[%emt 0:00:41]} 10. O-O {[%emt 0:01:08]} Nbd7 {[%emt 0:00:23]} 11. Bb2 {[%emt 0:01:04]} Ne4 {[%emt 0:11:41]} 12. Qc2 {[%emt 0:00:59]} f5 {[%emt 0:00:25]} 13. d5 {[%emt 0:25:58]} exd5 {[%emt 0:12:52]} 14. Nd4 {[%emt 0:00:11]} Qe7 {[%emt 0:29:41]} 15. cxd5 {[%emt 0:02:42]} Bxd5 {[%emt 0:01:43]} 16. Bc4 {[%emt 0:01:33]} Qf7 {[%emt 0:09:26]} 17. Bxd5 {[%emt 0:02:16]} Qxd5 {[%emt 0:00:48]} 18. Qxc7 {[%emt 0:01:18]} Ne5 {[%emt 0:12:40]} 19. Rad1 {[%emt 0:08:58]} Rf7 {[%emt 0:01:34]} 20. Qc2 {[%emt 0:04:04]} Qc5 {[%emt 0:05:42]} 21. Qe2 {[%emt 0:01:58]} Re8 {[%emt 0:02:10]} 22. Rc1 {[%emt 0:06:20]} Qd5 {[%emt 0:00:09]} 23. Rfd1 {[%emt 0:02:51]} f4 {[%emt 0:02:54]} 24. f3 {[%emt 0:07:13]} Nc5 {[%emt 0:00:32]} 25. e4 {[%emt 0:00:25]} Qa8 {[%emt 0:00:42]} 26. b4 {[%emt 0:02:29]} Nb7 {[%emt 0:01:37]} 27. Nf5 {[%emt 0:03:05]} Qd8 {[%emt 0:00:52]} 28. Qb5 {[%emt 0:01:19]} Re6 {[%emt 0:00:40]} 29. Qd5 {[%emt 0:02:52]} Qf6 {[%emt 0:00:27]} 30. Rc8+ {[%emt 0:01:17]} Rf8 {[%emt 0:00:04]} 31. Bxe5 {[%emt 0:00:50]} dxe5 {[%emt 0:00:14]} 32. Rxf8+ {[%emt 0:00:18]} Kxf8 {[%emt 0:00:09]} 33. Qxb7 {[%emt 0:00:06]} g6 {[%emt 0:01:19]} 34. Nh6 {[%emt 0:01:13]} Re7 {[%emt 0:00:11]} 35. Qb8+ {[%emt 0:01:44]} Kg7 {[%emt 0:00:32]} 36. Ng4 {[%emt 0:00:18]} axb4 {[%emt 0:00:15]} 37. Nxf6 {[%emt 0:00:07]} 1-0

[Event "1st Heraklion Tal 2019"]
[Site "Heraklion"]
[Date "2019.05.04"]
[Round "6.1"]
[White "Dimitrov, Atanas"]
[Black "De Seroux, Camille"]
[Result "1-0"]
[WhiteElo "2282"]
[BlackElo "2143"]
[Annotator "TA"]
[PlyCount "61"]
[EventDate "2019.04.29"]
[EventType "tourn"]
[EventCountry "GRE"]
[SourceTitle "playchess.com"]
[Source "ChessBase"]
[SourceQuality "1"]

{[%evp 21,61,25,47,0,0,-6,-12,-18,0,0,39,13,34,26,80,0,0,0,0,-102,0,0,0,0,9,9,15,18,217,43,47,-14,-15,-9,0,-335,-315,-354,294,274,29994,29995]} 1. d4 Nf6 2. Nf3 g6 3. g3 Bg7 4. Bg2 O-O 5. O-O d6 6. Re1 Nbd7 7. e4 e5 8. a4 a5 9. h3 Re8 10. Nc3 c6 11. Be3 exd4 12. Nxd4 {B07: Pirc Defence: Miscellaneous Systems} (12. Bxd4 Qc7 13. Qd2 Ne5 14. Nh2 Nc4 15. Qg5 Qd8 16. Na2 h6 17. Qc1 c5 18. Bc3 Nb6 19. b3 d5 20. exd5 Nbxd5 {½-½ (39) Rapport,R (2720)-Mamedyarov,S (2747) Reykjavik 2016}) 12... Nb6 13. Nb3 $146 ({Predecessor:} 13. Qd3 d5 14. Nb3 Nc4 15. exd5 Nxb2 16. Qf1 Nxd5 17. Nxd5 cxd5 18. Qb5 Be6 {½-½ (56) Tsyhanchuk,S (2399)-Abdisalimov,A (2204) Tashkent 2015}) 13... Nc4 14. Bc1 {The position is equal.} Qb6 15. Rb1 d5 16. exd5 Rxe1+ 17. Qxe1 {[#] Qe2 is the strong threat.} Bf5 (17... Bd7 $11 {keeps the balance.}) 18. Qd1 (18. dxc6 $16 Bxc2 {[%mdl 64] Double Attack} 19. cxb7) 18... Nxd5 $11 19. Nxd5 cxd5 20. Nd2 (20. g4 $11 {remains equal.} Be4 21. Bxe4 dxe4 22. Qd5) 20... Rc8 ({Black should try} 20... Bd4 $17 21. Qe2 Nxd2 22. Bxd2 Bxc2) 21. Nxc4 Rxc4 22. Qxd5 Rxc2 23. Be3 Qc7 24. Rd1 Bxb2 $2 (24... Bf6 $11) 25. Bh6 $2 (25. g4 $18 Be6 26. Qg5) 25... Bf6 $14 26. Re1 ({Better is} 26. Qb5 $14 Qb8 27. Qxa5) 26... Bd7 $11 27. Qf3 $40 {[%mdl 128] White attacks.} Bd4 28. Qa3 $2 {[%mdl 8192]} (28. Kh1 $1 $11 {and White stays safe.} Rxf2 29. Qe4) 28... Bxf2+ $19 29. Kh1 {[%csl Gh6][%cal Ra3f8] [#]} Bc5 $4 {[%mdl 8192]} (29... Qc8 $1 $19 {avoids the disaster.} 30. Qa1 Rc3) 30. Qa1 $18 {[%csl Gh6][%cal Ra1g7]} f6 $2 (30... Bf8 $18 31. Bxf8 Qc3) 31. Bd5+ {Accuracy: White = 35%, Black = 26%.} 1-0

[Event "1st Heraklion Tal 2019"]
[Site "Heraklion"]
[Date "2019.05.04"]
[Round "6.2"]
[White "Megalios, Konstantinos"]
[Black "Antova, Gabriela"]
[Result "1-0"]
[WhiteElo "2411"]
[BlackElo "2256"]
[Annotator "TA"]
[PlyCount "109"]
[EventDate "2019.04.29"]
[EventType "tourn"]
[EventCountry "GRE"]
[SourceTitle "playchess.com"]
[Source "ChessBase"]
[SourceQuality "1"]

{[%evp 20,109,81,83,82,72,97,83,120,118,133,131,125,103,106,101,114,95,113,86,129,124,123,118,120,110,141,138,150,139,184,184,183,179,220,126,114,131,123,135,141,85,126,119,136,127,154,154,159,157,147,143,522,514,515,487,487,479,525,524,512,505,504,530,467,520,532,533,506,475,467,467,467,460,460,460,646,646,646,646,646,646,637,636,1312,1261,6299,1954,29989,29990,29985,4862]} 1. d4 d5 2. c4 e6 3. Nf3 Nf6 4. g3 dxc4 5. Bg2 Nc6 6. Qa4 Bb4+ 7. Bd2 Nd5 8. Bxb4 Ndxb4 9. O-O O-O 10. a3 Nd5 11. Qxc4 a5 {E04: Open Catalan: 5 Nf3} (11... Bd7 12. Nbd2 Na5 13. Qc2 Bb5 14. Ne4 h6 15. Rfe1 Rc8 16. Nc3 Nxc3 17. Qxc3 Nc4 18. a4 Ba6 19. b4 {1-0 (39) Smirnov,P (2592)-Savchenko,B (2598) Khanty-Mansiysk 2014}) 12. Nc3 Nxc3 13. Qxc3 Qd6 $146 {White is better.} ({Predecessor:} 13... a4 14. Rac1 Ra6 15. Rfd1 Qe7 {½-½ (45) Chow,S (2301)-Solomon,S (2386) Melbourne 2016}) 14. Rac1 Bd7 15. Rfd1 Rfd8 16. e3 Be8 17. Nd2 Qe7 18. Nb3 Rd6 19. Nc5 Rb8 20. Ne4 Rd5 21. Qc2 h6 22. Rd3 Kh8 23. Nc5 Rd6 24. Rb3 b6 {Threatens to win with ...a4.} 25. Ne4 Rdd8 26. Rc3 e5 {[#]} 27. Rxc6 (27. d5 $1 $18) 27... Bxc6 $16 28. Qxc6 $40 {[%mdl 128] White goes for the king.} exd4 29. exd4 ({Worse is} 29. Qxc7 Qxc7 30. Rxc7 f5 $17) 29... Rxd4 30. Bf3 ({White should try} 30. Qxc7 Qxc7 31. Rxc7) 30... f5 31. Nc3 Rd6 32. Qc4 c5 33. Nd5 Qe5 34. Rc2 Rbd8 {[%cal Rd6d5]} 35. Re2 Rxd5 $4 {[%mdl 8192]} (35... Qd4 $16 {is a better chance.} 36. Ne3 f4 37. gxf4 Rf6) 36. Rxe5 $18 Rxe5 37. Kg2 Re7 38. Qf4 Rf7 39. Qe5 Rf6 40. Bd5 Rdf8 41. a4 Rd8 42. b3 Rdf8 43. h3 Rd8 44. Bc4 Rdf8 45. Qe7 Kh7 46. Bd5 Kh8 47. h4 h5 (47... Kh7 $142 48. Kf3 Kh8) 48. f4 Kh7 49. Kf3 Kg6 50. Be6 Kh6 51. Ke3 Rb8 {[#]} 52. Bxf5 $1 {[%mdl 512]} b5 (52... Rxf5 53. Qd6+) 53. Qe5 (53. Be4 $142 Rbf8 54. axb5) 53... Rbb6 54. Be4 {[%csl Gf4,Gh4][%cal Re5g5]} g6 55. axb5 {Accuracy: White = 69%, Black = 46%.} (55. Qe8 $142 Kg7 56. Bd5 Rfe6+ 57. Bxe6 Rb7 58. Bd5 Ra7 59. g4 hxg4 60. h5) 1-0